000 00974nam a2200193 i 4500
001 168101
003 ES-MaACL
005 20230906213706.0
008 000920s1886 sp |||| | spa d
100 1 _aZafra, Diego José Rodríguez de Bahamonde Lanz
_cMarqués de.
_9134009
245 1 0 _aDesamortización de los montes públicos
_b: discurso y conclusiones pronunciado y formuladas en la Asociación General de Agricultores de España (sesión del 17 de abril de 1886) /
_cpor Diego José R. de Bahamonde Lanz Jaime de Aragón y Palacio Marqués de Zafra.
260 _aMadrid :
_b[s.n.],
_c1886 (
_ftipografía de Manuel G. Hernández)
300 _a15 p. ;
_c23 cm.
650 4 _aMontes públicos-
_zEspaña.
_9143761
650 4 _aMontes-
_xDesamortización.
_9136533
650 4 _aDesamortización-
_zEspaña-
_yS.XIX.
_9175838
852 4 _aES-MaACL
_jT-832-F-2
_z- Enc. hol., conservando cub. original
_z- Enc. en un vol. facticio
852 4 _aES-MaACL
_jT-520-F-2
999 _c168101
_d168101